Un verdor terrible.

שמור ב:
מידע ביבליוגרפי
מחבר ראשי: Labatut, Benjamín (autor)
פורמט: ספר
יצא לאור: Barcelona, España: Anagrama, 2023.
מהדורה:Décimonovena edición.
סדרה:Narrativas hispánicas,
נושאים:
תגים: הוספת תג
אין תגיות, היה/י הראשונ/ה לתייג את הרשומה!

MARC

LEADER 00000nam a22000007a 4500
003 CL-VaPUC
005 20240517112019.0
008 240513t2023 ||||| |||| 00| 0 eng d
999 |c 443730  |d 443728 
020 |a 978-84-339-9897-2 
040 |c Pontificia Universidad Católica de Valparaíso 
082 |2 22  |a Ch863 LAB 2023 
100 |a Labatut, Benjamín   |9 883263  |e autor 
245 1 3 |a Un verdor terrible. 
250 |a Décimonovena edición.  
260 |a Barcelona, España:  |b Anagrama,   |c 2023. 
300 |a 216 páginas.  
490 |a Narrativas hispánicas,   |n  646. 
500 |a c1 Donación Sr. Raúl Rodriguez /Director Doctorado en Literatura /MEMO EDU / 08-05-2024. 
583 |k Cristina María Rojas Aguilar  |c 20231219 
650 0 |9 308278  |a Literatura chilena   |x Guerras Mundiales  |x Aspectos científicos  |y Siglo 20  
650 0 |9 265425  |a Novelas chilenas   |x Ciencias, descubrimientos científicos, teorías, etc.   |y Siglo 20  
942 |2 ddc  |c BK 
952 |0 0  |1 0  |2 ddc  |4 0  |6 CH_863_000000000000000_LAB_2023  |7 0  |8 A  |9 594553  |a BIBEDU  |b BIBEDU  |c S_PSTGRDO  |d 2024-05-13  |e Donación   |i 5661360  |o Ch863 LAB 2023  |p 5661360  |r 2025-01-22  |t 1  |w 2024-05-13  |y BK  |k DLH